header

I belong to South Carolina (Record no. 209170)

MARC details
000 -LEADER
fixed length control field 01565nam a2200373Ia 4500
082 04 - DEWEY DECIMAL CLASSIFICATION NUMBER
Classification number 303.3/620922757
-- B
245 00 - TITLE STATEMENT
Title I belong to South Carolina
260 ## - PUBLICATION, DISTRIBUTION, ETC. (IMPRINT)
Place of publication Columbia :
Name of publisher University of South Carolina Press,
Year of publication c2010.
300 ## - PHYSICAL DESCRIPTION
Number of Pages ix, 317 p. :
Other physical details map.
650 #0 - SUBJECT ADDED ENTRY--TOPICAL TERM
Topical Term Slave narratives
Topical Term Slaves
Topical Term Slavery
700 1# - ADDED ENTRY--PERSONAL NAME
Personal name Ashton, Susanna,
Personal name Adams, Robyn E.
856 40 - ELECTRONIC LOCATION AND ACCESS
Uniform Resource Identifier http://site.ebrary.com/lib/rucke/Doc?id=10589874

No items available.

© 2026 Rongo University
Contact us: librarian | system librarian | Rongo university